Geology and mineral deposits of the National mining district, Nevada / (Record no. 25560)

MARC details
000 -LEADER
fixed length control field 00910cam a22002771 4500
001 - CONTROL NUMBER
control field gs 15000666
003 - CONTROL NUMBER IDENTIFIER
control field DLC
005 - DATE AND TIME OF LATEST TRANSACTION
control field 20260227111318.0
008 - FIXED-LENGTH DATA ELEMENTS--GENERAL INFORMATION
fixed length control field 790920s1915 dcuabf f001 0 eng
010 ## - LIBRARY OF CONGRESS CONTROL NUMBER
LC control number gs 15000666
035 ## - SYSTEM CONTROL NUMBER
System control number (OCoLC)5392258
040 ## - CATALOGING SOURCE
Original cataloging agency DLC
Transcribing agency ICharE
Modifying agency DLC
042 ## - AUTHENTICATION CODE
Authentication code premarc
043 ## - GEOGRAPHIC AREA CODE
Geographic area code n-us-nv
050 00 - LIBRARY OF CONGRESS CALL NUMBER
Classification number QE75
Item number .B9 no. 601
051 ## - LIBRARY OF CONGRESS COPY, ISSUE, OFFPRINT STATEMENT
Classification number TN24.N3
Item number L5
Copy information Copy 2.
100 1# - MAIN ENTRY--PERSONAL NAME
Personal name Lindgren, Waldemar,
Dates associated with a name 1860-1939.
245 10 - TITLE STATEMENT
Title Geology and mineral deposits of the National mining district, Nevada /
Statement of responsibility, etc. by Waldemar Lindgren.
260 ## - PUBLICATION, DISTRIBUTION, ETC.
Place of publication, distribution, etc. Washington,
Name of publisher, distributor, etc. Govt. Print. Off.,
Date of publication, distribution, etc. 1915.
300 ## - PHYSICAL DESCRIPTION
Extent 58 p. :
Other physical details ill., plates, fold. maps, diagrs.
Dimensions 24 cm.
490 1# - SERIES STATEMENT
Series statement U.S. Geological survey. Bulletin 601
500 ## - GENERAL NOTE
General note Includes index.
650 #0 - SUBJECT ADDED ENTRY--TOPICAL TERM
Topical term or geographic name entry element Geology
Geographic subdivision Nevada.
650 #0 - SUBJECT ADDED ENTRY--TOPICAL TERM
Topical term or geographic name entry element Mines and mineral resources
Geographic subdivision Nevada.
810 1# - SERIES ADDED ENTRY--CORPORATE NAME
Corporate name or jurisdiction name as entry element United States.
Subordinate unit Geological Survey.
Title of a work Bulletin ;
Volume/sequential designation 601.

No items available.

Powered by Koha